| 000 | 00654nam a22001697a 4500 | ||
|---|---|---|---|
| 003 | SGT | ||
| 020 | _a9780817684143 | ||
| 082 | _a512.788,AND | ||
| 100 | _aANDREESCU, TITU | ||
| 245 | _aCOMPLEX NUMBERS FROM A TO Z | ||
| 250 | _a2ND | ||
| 260 |
_aNEW DELHI _bBIRKHAUSER |
||
| 300 | _a391 | ||
| 650 | _aCOMPLEX NUMBERS | ||
| 653 | _a 2 COMPLEX NUMBERS IN TRIGONOMETRIC FORM 31 3 COMPLEX NUMBERS AND GEOMETRY 57 4 MORE ON COMPLEX NUMBERS AND GEOMETRY 96 5 OLYMPIAD CALIBER PROBLEMS 175 6 ANSWERS HINTS AND SOLUTIONS TO PROPOSED PROBLEMS 277 GLOSSARY 377 REFERENCES 383 AUTHOR INDEX 387 SUBJECT INDEX 389 COPYRIGHT | ||
| 942 |
_2ddc _cFPS |
||
| 999 |
_c9260 _d9260 |
||